<?xml version="1.0" encoding="UTF-8"?>
<record
    xmlns:xsi="http://www.w3.org/2001/XMLSchema-instance"
    xsi:schemaLocation="http://www.loc.gov/MARC21/slim http://www.loc.gov/standards/marcxml/schema/MARC21slim.xsd"
    xmlns="http://www.loc.gov/MARC21/slim">

  <leader>00312nam a2200133Ia 4500</leader>
  <controlfield tag="008">191201s2012    xx            000 0 und d</controlfield>
  <datafield tag="100" ind1=" " ind2=" ">
    <subfield code="a">ROBBINS,Stephen P</subfield>
  </datafield>
  <datafield tag="245" ind1=" " ind2="0">
    <subfield code="a">Organizational Behavior</subfield>
  </datafield>
  <datafield tag="250" ind1=" " ind2=" ">
    <subfield code="a">Imp 1st</subfield>
  </datafield>
  <datafield tag="260" ind1=" " ind2=" ">
    <subfield code="c">2012</subfield>
    <subfield code="b">pearson</subfield>
    <subfield code="a">N. delhi</subfield>
  </datafield>
  <datafield tag="300" ind1=" " ind2=" ">
    <subfield code="a">623</subfield>
  </datafield>
  <datafield tag="650" ind1=" " ind2=" ">
    <subfield code="a">MBA</subfield>
  </datafield>
  <datafield tag="942" ind1=" " ind2=" ">
    <subfield code="2">ddc</subfield>
    <subfield code="c">BB</subfield>
    <subfield code="0">15</subfield>
  </datafield>
  <datafield tag="999" ind1=" " ind2=" ">
    <subfield code="c">7484</subfield>
    <subfield code="d">7484</subfield>
  </datafield>
  <datafield tag="952" ind1=" " ind2=" ">
    <subfield code="0">0</subfield>
    <subfield code="1">0</subfield>
    <subfield code="2">ddc</subfield>
    <subfield code="4">0</subfield>
    <subfield code="7">0</subfield>
    <subfield code="8">MBA</subfield>
    <subfield code="a">PIET</subfield>
    <subfield code="b">PIET</subfield>
    <subfield code="d">2011-10-08</subfield>
    <subfield code="e">Valley Book House</subfield>
    <subfield code="g">595.00</subfield>
    <subfield code="k">174</subfield>
    <subfield code="l">5</subfield>
    <subfield code="p">BB7628</subfield>
    <subfield code="r">2025-01-23 00:00:00</subfield>
    <subfield code="s">2024-09-10</subfield>
    <subfield code="w">2011-10-08</subfield>
    <subfield code="y">BB</subfield>
  </datafield>
  <datafield tag="952" ind1=" " ind2=" ">
    <subfield code="0">0</subfield>
    <subfield code="1">0</subfield>
    <subfield code="2">ddc</subfield>
    <subfield code="4">0</subfield>
    <subfield code="7">0</subfield>
    <subfield code="8">MBA</subfield>
    <subfield code="a">PIET</subfield>
    <subfield code="b">PIET</subfield>
    <subfield code="d">2011-10-08</subfield>
    <subfield code="e">Valley Book House</subfield>
    <subfield code="g">595.00</subfield>
    <subfield code="k">174</subfield>
    <subfield code="l">4</subfield>
    <subfield code="p">BB7629</subfield>
    <subfield code="r">2025-01-23 00:00:00</subfield>
    <subfield code="s">2024-09-17</subfield>
    <subfield code="w">2011-10-08</subfield>
    <subfield code="y">BB</subfield>
  </datafield>
  <datafield tag="952" ind1=" " ind2=" ">
    <subfield code="0">0</subfield>
    <subfield code="1">0</subfield>
    <subfield code="2">ddc</subfield>
    <subfield code="4">0</subfield>
    <subfield code="7">0</subfield>
    <subfield code="8">MBA</subfield>
    <subfield code="a">PIET</subfield>
    <subfield code="b">PIET</subfield>
    <subfield code="d">2011-10-08</subfield>
    <subfield code="e">Valley Book House</subfield>
    <subfield code="g">595.00</subfield>
    <subfield code="k">174</subfield>
    <subfield code="l">4</subfield>
    <subfield code="p">BB7630</subfield>
    <subfield code="r">2025-01-23 00:00:00</subfield>
    <subfield code="s">2024-09-13</subfield>
    <subfield code="w">2011-10-08</subfield>
    <subfield code="y">BB</subfield>
  </datafield>
  <datafield tag="952" ind1=" " ind2=" ">
    <subfield code="0">0</subfield>
    <subfield code="1">0</subfield>
    <subfield code="2">ddc</subfield>
    <subfield code="4">0</subfield>
    <subfield code="7">0</subfield>
    <subfield code="8">MBA</subfield>
    <subfield code="a">PIET</subfield>
    <subfield code="b">PIET</subfield>
    <subfield code="d">2011-10-08</subfield>
    <subfield code="e">Valley Book House</subfield>
    <subfield code="g">595.00</subfield>
    <subfield code="k">174</subfield>
    <subfield code="l">5</subfield>
    <subfield code="p">BB7631</subfield>
    <subfield code="r">2026-01-22 00:00:00</subfield>
    <subfield code="s">2025-09-23</subfield>
    <subfield code="w">2011-10-08</subfield>
    <subfield code="y">BB</subfield>
  </datafield>
  <datafield tag="952" ind1=" " ind2=" ">
    <subfield code="0">0</subfield>
    <subfield code="1">0</subfield>
    <subfield code="2">ddc</subfield>
    <subfield code="4">0</subfield>
    <subfield code="7">0</subfield>
    <subfield code="8">MBA</subfield>
    <subfield code="a">PIET</subfield>
    <subfield code="b">PIET</subfield>
    <subfield code="d">2011-10-08</subfield>
    <subfield code="e">Valley Book House</subfield>
    <subfield code="g">595.00</subfield>
    <subfield code="k">174</subfield>
    <subfield code="l">5</subfield>
    <subfield code="p">BB7632</subfield>
    <subfield code="r">2026-01-10 00:00:00</subfield>
    <subfield code="s">2025-09-08</subfield>
    <subfield code="w">2011-10-08</subfield>
    <subfield code="y">BB</subfield>
  </datafield>
</record>
